Reempadronamiento societario en la Provincia de Buenos Aires (Registro nro. 15597)

Detalles MARC
000 -LEADER
fixed length control field 00336 a2200109 4500
001 - CONTROL NUMBER
control field ART_30819
005 - DATE AND TIME OF LATEST TRANSACTION
control field 20260410161706.0
008 - FIXED-LENGTH DATA ELEMENTS--GENERAL INFORMATION
fixed length control field 260409a
100 1# - MAIN ENTRY--PERSONAL NAME
Personal name Santacruz, Lidia M.
245 10 - TITLE STATEMENT
Title Reempadronamiento societario en la Provincia de Buenos Aires
773 0# - HOST ITEM ENTRY
Title Revista Impuestos
Related parts - Nº 11 (jun. 2008)
Record control number REV639

No hay ítems disponibles.